Cultura y naturaleza : (Registro nro. 8165)

Detalles MARC
000 -CABECERA
Campo de control 01670nam a22004697a 4500
005 - FECHA Y HORA DE LA ULTIMA TRANSACCION
Campo de control 20200104041623.0
008 - ELEMENTOS DE LONGITUD FIJA—INFORMACION GENERAL
Campo de control 140227b2011 ck |||||r|||| 00| 0 spa d
020 ## - ISBN
ISBN 9789588576039
040 ## - FUENTE DE CATALOGACIÓN
Agencia catalogadora original CO-BoIAVH
Agencia transcriptora CO-BoIAVH
041 ## - IDIOMA
Código de idioma para texto/pista de sonido o título separado Español
044 ## - PAÍS DE PUBLICACIÓN
País de publicación Colombia
082 04 - NUMERO DE CLASIFICACION DECIMAL DEWEY
Número de clasificación 304.2
Número del ítem M77c
245 10 - MENCION DE TITULO
Título Cultura y naturaleza :
Parte restante del título aproximaciones a propósito del bicentenario de la independencia de Colombia :
Mención de responsabilidad editado por Leonardo Montenegro
250 ## - MENCION DE EDICION
Mención de edición 1a. edición
260 ## - PUBLICACION, DISTRIBUCION, ETC. (PIE DE IMPRENTA)
Lugar de publicación, distribución, etc. Bogotá (Colombia):
Nombre del editor, distribuidor, etc. Jardín Botánico de Bogotá, José Celestino Mutis,
Fecha de publicación, distribución, etc. 2011.
300 ## - DESCRIPCION FISICA
Extensión 472 páginas :
Otros detalles físicos ilustraciones, fotografías, gráficas, mapas y tablas ;
Dimensiones 24 cm.
504 ## - NOTA DE BIBLIOGRAFIA, ETC.
Nota de bibliografía Incluye referencias bibliográficas.
650 #6 - ASIENTO SECUNDARIO DE MATERIA - TERMINO TEMATICO
Término temático o nombre geográfico como elemento de entrada Cultura
9 (RLIN) 40372
650 #6 - ASIENTO SECUNDARIO DE MATERIA - TERMINO TEMATICO
Término temático o nombre geográfico como elemento de entrada Naturaleza
9 (RLIN) 40373
650 #6 - ASIENTO SECUNDARIO DE MATERIA - TERMINO TEMATICO
Término temático o nombre geográfico como elemento de entrada Ecología
9 (RLIN) 92250
650 #6 - ASIENTO SECUNDARIO DE MATERIA - TERMINO TEMATICO
Término temático o nombre geográfico como elemento de entrada Ecología política
9 (RLIN) 40375
650 #6 - ASIENTO SECUNDARIO DE MATERIA - TERMINO TEMATICO
Término temático o nombre geográfico como elemento de entrada Medio ambiente
9 (RLIN) 92195
650 #6 - ASIENTO SECUNDARIO DE MATERIA - TERMINO TEMATICO
Término temático o nombre geográfico como elemento de entrada Antropología de la naturaleza
9 (RLIN) 12127
650 #6 - ASIENTO SECUNDARIO DE MATERIA - TERMINO TEMATICO
Término temático o nombre geográfico como elemento de entrada Biología
9 (RLIN) 92
700 1# - ASIENTO SECUNDARIO - NOMBRE PERSONAL
Nombre personal Ulloa, Astrid
9 (RLIN) 4870
700 1# - ASIENTO SECUNDARIO - NOMBRE PERSONAL
Nombre personal Escobar, Arturo
9 (RLIN) 38971
700 1# - ASIENTO SECUNDARIO - NOMBRE PERSONAL
Nombre personal Descola, Philippe
9 (RLIN) 38972
700 1# - ASIENTO SECUNDARIO - NOMBRE PERSONAL
Nombre personal Ingold, Tim
9 (RLIN) 38973
700 1# - ASIENTO SECUNDARIO - NOMBRE PERSONAL
Nombre personal Bierasck, Aletta
9 (RLIN) 38974
700 1# - ASIENTO SECUNDARIO - NOMBRE PERSONAL
Nombre personal Tsing, Anna L.
9 (RLIN) 38975
700 1# - ASIENTO SECUNDARIO - NOMBRE PERSONAL
Nombre personal Dussel, Enrique
9 (RLIN) 38976
700 1# - ASIENTO SECUNDARIO - NOMBRE PERSONAL
Nombre personal Lemm, Vanessa
9 (RLIN) 38977
700 1# - ASIENTO SECUNDARIO - NOMBRE PERSONAL
Nombre personal Gudynas, Eduardo
9 (RLIN) 19102
700 1# - ASIENTO SECUNDARIO - NOMBRE PERSONAL
Nombre personal Hernández-Ávila, Leonardo
9 (RLIN) 38978
700 1# - ASIENTO SECUNDARIO - NOMBRE PERSONAL
Nombre personal Ticona, Esteban
9 (RLIN) 38979
700 1# - ASIENTO SECUNDARIO - NOMBRE PERSONAL
Nombre personal Castro-Gómez, Santiago
9 (RLIN) 38980
700 1# - ASIENTO SECUNDARIO - NOMBRE PERSONAL
Nombre personal García Bustamante, Miguel
9 (RLIN) 38981
700 1# - ASIENTO SECUNDARIO - NOMBRE PERSONAL
Nombre personal Tapia, Carmen Susana
9 (RLIN) 38982
700 1# - ASIENTO SECUNDARIO - NOMBRE PERSONAL
Nombre personal Ardila, Carolina
9 (RLIN) 38983
700 1# - ASIENTO SECUNDARIO - NOMBRE PERSONAL
9 (RLIN) 40378
Nombre personal Montenegro Martínez, Leonardo
Fechas asociadas con el nombre Editor
942 ## - ELEMENTOS ADICIONALES (KOHA)
Sistema de clasificación Dewey Decimal Classification
Tipo de ítem Libro
Koha issues (borrowed), all copies 2
Existencias
Withdrawn status Lost status Sistema de Clasificación Damaged status No para préstamo Colección Inventariado Ubicación Permanente Ubicación actual Fecha de adquisición Fuente de Valor Valor Total Checkouts Total Renewals Número topográfico Inventario / Código de Barras Date last seen Date checked out Ejemplar Price effective from Forma de adquisición Tipo de material
    Dewey Decimal Classification     General Inventariado 2017 Bogotá Bogotá 27/02/2014 Instituto 39000.00 2 1 LB-304.2 M77c 034128 08/04/2014 03/04/2014 Ej. 1 27/02/2014 Canje Libro
    Dewey Decimal Classification     General Inventariado 2017 Sala Fabio Quevedo Sala Fabio Quevedo 28/09/2015 Instituto 39000.00     LB-304.2 M77c 035211 28/09/2015   Ej. 2 28/09/2015   Libro